000 02517cam a2200337 i 4500
999 _c15361
_d15361
001 19038487
005 20200610135227.0
008 160331s2016 nyu 000 1 eng
010 _a 2016009062
020 _a978-0-425-28012-6 (paperback)
040 _aDLC
_beng
_cDLC
_erda
_dDLC
042 _apcc
050 0 0 _aPS3568.O243
_bI853 2016
082 0 0 _aDFic
_22016
_bR541
084 _aFIC027020
_aFIC027120
_2bisacsh
100 1 _aRoberts, Nora,
_eauthor.
_942202
245 1 0 _aIsland of glass /
_cNora Roberts.
250 _aFirst edition.
260 _aNew York :
_bBerkley,
_c[2016]
300 _a339 pages ;
_c21 cm.
490 0 _aGuardians trilogy ;
_vbook 3
520 _a"The final Guardians Trilogy novel from the #1 New York Times bestselling author of Bay of Sighs and Stars of Fortune...Three stars--of fire, water, and ice--have fallen from the skies, and now three women and three men have come together to find them. But on the quest for the final star, they'll discover that possessing it won't be enough to stop the destruction of themselves--and of their world... As the hunt for the Ice Star leads the six guardians to Ireland, Doyle, the immortal, must face his tragic past. Three centuries ago, he closed off his heart, yet his warrior spirit is still drawn to the wild. And there's no one more familiar with the wild than Riley--and the wolf within her. An archaeologist, Riley is no stranger to the coast of Clare, but now she finds herself on unsure footing, targeted by the dark goddess who wants more than the stars, more than the blood of the guardians. While searching through Irish history for clues that will lead them to the final star and the mysterious Island of Glass, Riley must fight her practical nature and admit that her sudden attraction to Doyle is more than just a fling. For it is his strength that will sustain her and give her the power to run toward love--and save them all.."--
650 7 _aFICTION / Romance / Contemporary.
_2bisacsh
_942203
650 7 _aFICTION / Romance / Paranormal.
_2bisacsh
_942204
655 7 _aFantasy fiction.
_2gsafd
_939172
776 0 8 _iOnline version:
_aRoberts, Nora, author.
_tIsland of glass
_bBerkley trade paperback edition.
_dNew York : Berkley Books, 2016
_z9780698190757
_w(DLC) 2016015742
365 _b230.00
_cPhp
906 _a7
_bcbc
_corignew
_d1
_eecip
_f20
_gy-gencatlg
942 _2ddc
_cDFIC